000 00437nam a2200157Ia 4500
008 240729s9999 xx 000 0 und d
022 _a2692-3114
245 0 _aExploration of Targeted Anti-tumor Therapy
260 _aChina
260 _bOpen Exploration Publishing Inc.
650 _a Internal medicine
650 _aMedicine
856 _uhttps://doaj.org/toc/640a6ed48c914af580ee151ca39feb4b
942 _2ddc
942 _cDOAJEJ
999 _c70661
_d70661
945 _a1
_bMadushi Gamage
_c1
_dMadushi Gamage